Stadt zu Bundesland #1 - Statistiken

Allgemein
  • Dieses Quiz wurde 240 mal gespielt
  • Das Durchschnittsergebnis liegt bei 11 aus 13
Antwortstatistiken
Stadt Bundesland % Korrekt
Ansbach Bayern
94%
Fulda Hessen
93%
Görlitz Sachsen
93%
Heidenheim Baden-Württemberg
91%
Gotha Thüringen
91%
Dinslaken Nordrhein-Westfalen
89%
Güstrow Mecklenburg-Vorpommern
87%
Eisenhüttenstadt Brandenburg
85%
Neumünster Schleswig-Holstein
85%
Papenburg Niedersachsen
83%
Zweibrücken Rheinland-Pfalz
82%
Neunkirchen Saarland
82%
Köthen Sachsen-Anhalt
81%
Keine übereinstimmenden Quizze gefunden
Verteilung der Resultate
Anzahl Personen mit jedem Resultat
Perzentil nach korrekt beantworteten Fragen
Ihre Resultats-Entwicklung
Sie haben dieses Quiz noch nicht gespielt